The Art of Interior Design : (Record no. 66518)
[ view plain ]
| 000 -الفاتح | |
|---|---|
| حقل البيانات ثابتة الطول | 00639nam a2200217Ia 4500 |
| 005 - وقت وتاريخ اخر تعامل مع التسجيلة | |
| رقم الضبط | 20240530110923.0 |
| 008 - عناصر البيانات ثابتة الطول - معلومات عامة | |
| حقل البيانات ثابتة الطول | 140319s2001 cn-ae 000 0 eng d |
| 020 ## - الرقم الدولى المعيارى للكتب | |
| الرقم الدولى المعيارى للكتاب | 0865731497 |
| 040 ## - مصدر الفهرسة | |
| وكالة الفهرسة الأصلية | GCL / |
| وكالة النسخ | GCL |
| 082 04 - رقم تصنيف ديوى العشرى | |
| رقم التصنيف | 747/ |
| رقم المادة | W A |
| 100 1# - المدخل الرئيسى - إسم شخصى | |
| الإسم الشخصى | Woloszynska, Suzanne |
| 245 14 - بيان العنوان | |
| العنوان | The Art of Interior Design : |
| بقية العنوان | Selectibg Elements for Distinctive Styless / |
| بيان المسئوليه,etc | Suzanne Woloszynska |
| 260 ## - PUBLICATION, DISTRIBUTION, ETC. (IMPRINT) | |
| تاريخ النشر أو التوزيع | .2001 |
| 300 ## - الوصف المادى | |
| التعداد | 256 P. : |
| تفاصيل ماديه اخرى للوعاء | ill ; |
| أبعاد الوعاء | 30 cm. |
| 650 04 - المدخل الاضافى بالموضوع-مصطلح موضوعى | |
| مصطلح موضوعي | ARTS |
| 650 04 - المدخل الاضافى بالموضوع-مصطلح موضوعى | |
| مصطلح موضوعي | ART DECORATION |
| 650 04 - المدخل الاضافى بالموضوع-مصطلح موضوعى | |
| مصطلح موضوعي | INTERIOR DESIGN |
| 650 04 - المدخل الاضافى بالموضوع-مصطلح موضوعى | |
| مصطلح موضوعي | HOME DECORATING |
| 942 ## - عناصر المدخل الإضافي( كوها) | |
| مصدر التصنيف او مخطط الترفيف | Dewey Decimal Classification |
| Koha [default] item type | كتاب |
| 260 ## - PUBLICATION, DISTRIBUTION, ETC. (IMPRINT) | |
| -- | Canada : |
| -- | Creative Publishing International ، |
| حالة التراجع | حالة الفقد | مصدر التصنيف او خطة الترفيف | حالة تلف | ليس للاعارة | المكان المؤقت | الموقع الحالى | موقع الترفيف | تاريخ الاكتساب | اجمالي اﻻعارات | رقم الطلب | الباركود | تاريخ اخر مشاهدة | تاريخ تفعيل السعر | نوع وعاء كوها |
|---|---|---|---|---|---|---|---|---|---|---|---|---|---|---|
| ddc | مكتبة القاهرة الكبرى | مكتبة القاهرة الكبرى | 06/14/2022 | 747/ W A | 168086 | 06/14/2022 | 06/14/2022 | كتاب |

